Marketing de destination de la région des Tatras diplomová práca

Guardado en:
Detalles Bibliográficos
Autor principal: Petőcz, Matej
Autor Corporativo: Obchodná fakulta EU. Katedra marketingu
Otros Autores: Kita, Pavol
Formato: Libro
Lenguaje:francés
Publicado: Bratislava 2017
Etiquetas: Agregar Etiqueta
Sin Etiquetas, Sea el primero en etiquetar este registro!

MARC

LEADER 00000nbm a2200000 4500
001 0230854
005 20240916082458.4
041 0 |a fre 
044 |a SK 
245 1 0 |a Marketing de destination de la région des Tatras  |b diplomová práca  |c Matej Petőcz ; školiteľ: Pavol Kita 
264 1 |a Bratislava  |c 2017 
300 |a 77 s. 
100 1 |a Petőcz, Matej 
700 1 |a Kita, Pavol 
710 2 |a Obchodná fakulta EU. Katedra marketingu